Podział administracyjny Węgier - Statystyki

Ogólne statystyki
  • Ten quiz został rozwiązany 7 razy
  • Średni wynik to 2 z 20
Statystyki odpowiedzi
Komitat % Poprawnych
Budapeszt
50%
Bács-Kiskun
33%
Veszprém
33%
Baranya
17%
Békés
17%
Gyor-Moson-Sopron
17%
Nógrád
17%
Zala
17%
Borsod-Abauj-Zemplén
0%
Csongrád-Csanád
0%
Fejér
0%
Hajdu-Bihar
0%
Heves
0%
Jász-Nagykun-Szolnok
0%
Komárom-Esztergom
0%
Pest
0%
Somogy
0%
Szabolcs-Szatmar-Bereg
0%
Tolna
0%
Vas
0%
Nie znaleziono quizów pasujących do podanych kryteriów
Rozkład punktacji
Procent ludzi z każdym wynikiem
Percentyl według liczby udzielonych odpowiedzi
Twoja historia wyników
Nie rozwiązałeś tego quizu